000 00550nam a2200217Ia 4500
003 OSt
005 20241004074441.0
008 240925s9999 xx 000 0 und d
020 _a921628102
040 _cAACR2
082 _a684.04 CAN
100 _aCanadian Wood Council
245 0 _aWood Reference Handbook
250 _aNA
260 _aOntario:
_bCanadian Wood Council
_c,1991.
300 _aVarious pages
_bNA
_fInternational Edition
500 _aIncludes Index
600 _aSocial Sciences
650 _aManagement
942 _cBK
_2ddc
999 _c3774
_d3774